LIBRARY & INFORMATION CENTRE, KCAET, TAVANUR

ONLINE PUBLIC ACCESS CATALOGUE (OPAC)

Kannukali samrakhshanam / (Record no. 6228)

MARC details
000 -LEADER
fixed length control field 00649cam a2200265ua 4500
041 ## - LANGUAGE CODE
Language code of text/sound track or separate title mal
082 ## - DEWEY DECIMAL CLASSIFICATION NUMBER
Classification number 636
Item number SRE/KA
100 ## - MAIN ENTRY--AUTHOR NAME
Personal name Sreenivasan, K.N .
245 ## - TITLE STATEMENT
Title Kannukali samrakhshanam /
250 ## - EDITION STATEMENT
Edition statement 2 /
260 ## - PUBLICATION, DISTRIBUTION, ETC. (IMPRINT)
Place of publication Thiruvananthapuram :
Name of publisher State Instititute of Languages ,
Year of publication 1973.
300 ## - PHYSICAL DESCRIPTION
Number of Pages 950 ; .
942 ## - ADDED ENTRY ELEMENTS (KOHA)
Koha item type Books
Holdings
Withdrawn status Lost status Damaged status Home library Current library Date acquired Full call number Accession Number Koha item type
      KAUAET KAUAET 07/04/2012 636 14448 Books
      KAUAET KAUAET 07/04/2012 636 14452 Books
      KAUAET KAUAET 07/04/2012 636 14450 Books
      KAUAET KAUAET 07/04/2012 636 14449 Books
      KAUAET KAUAET 07/04/2012 636 14309 Books
      KAUAET KAUAET 07/04/2012 636 14451 Books
      KAUAET KAUAET 07/04/2012 636 13644 Books
      KAUAET KAUAET 07/04/2012 636 13828 Books
free website counter